| 000 | 00877nam a22002651u 4500 | ||
|---|---|---|---|
| 001 | 05761 | ||
| 003 | HDC | ||
| 007 | cr bn --- | ||
| 008 | 210121p xx fo d 00 engg | ||
| 040 | _aHDC | ||
| 100 |
_aROHAIZAD HASSAN _96072 |
||
| 245 | 0 |
_aPENGENALAN KEPADA BUKU PANDUAN HALAL / _cby ROHAIZAD HASSAN |
|
| 260 |
_a[No place] : _b[publisher not identified] _c2010 |
||
| 300 |
_a24 pages : _bIllustrations |
||
| 336 |
_atext _2rdacontent |
||
| 337 |
_acomputer _2rdamedia |
||
| 338 |
_aonline resource _2rdacarrier |
||
| 650 |
_aGlobal halal _96073 |
||
| 650 |
_aHalal certification _9753 |
||
| 650 |
_aHalal industry _9144 |
||
| 856 | _zRequest full-text at [email protected] | ||
| 942 | _2lcc | ||
| 942 | _cSLIDE | ||
| 942 | _kSLID 000599 | ||
| 999 |
_c3085 _d3085 |
||